| 000 | 00347 a2200145 4500 | ||
|---|---|---|---|
| 001 | 92019 | ||
| 082 | _a428.24076 kap | ||
| 090 |
_c43976 _d43975 |
||
| 100 | _aKaplan | ||
| 245 | _aTOEFL iBT Premier, 5e | ||
| 250 | _a5e | ||
| 260 |
_aNew York _bKaplan Publisher _c2014 |
||
| 300 |
_a392p. _e2 CDS of Audio files |
||
| 500 | _aReference book | ||
| 942 |
_aCAE NUST _k428.24076/kap |
||
| 999 |
_c327092 _d327092 |
||